000 00357nam a2200157Ia 4500
003 OSt
005 20240215122744.0
008 170524s9999 xx 000 0 und d
020 _a978 1 138 55212 8.
040 _cIIMT UNIVERSITY
100 _aVAN HENK T
100 _c2012
245 0 _aCOMMUNICATION IN ORGANIZATIONS
260 _aTMH
942 _2ddc
_c01
999 _c2892
_d2892